| 000 | 00714nam a2200265 i 4500 | ||
|---|---|---|---|
| 001 | 000046089 | ||
| 003 | DO-SdBNP | ||
| 005 | 20250219133751.0 | ||
| 007 | ta | ||
| 008 | 250219s1985 dr a 000 0 spa d | ||
| 040 |
_aDO-SdBNP _bspa _cBNPHU _erda |
||
| 041 | _hspa | ||
| 082 |
_aV861.44 _bP438e _222 |
||
| 100 | 1 |
_aPérez Machado, J. M _eautor _937580 |
|
| 245 | 1 | 0 |
_aEcos del tiempo / _cJ. M. Pérez Machado |
| 264 |
_aSanto Domingo : _bCorripio, _c1985 |
||
| 300 |
_a160 páginas ; _c23 cm. |
||
| 336 |
_ardacontent _btexto _2txt |
||
| 337 |
_ardamedia _bsin mediación _2n |
||
| 338 |
_ardacarrier _bvolumen _2nc |
||
| 590 | _aInventariado, 2025/DG | ||
| 650 | _93475 | ||
| 910 | _aDG | ||
| 942 |
_2ddc _cLBS1 |
||
| 999 |
_c58138 _d58138 |
||